[Event "Juvenil op"]
[Site "?"]
[Date "1997.??.??"]
[Round "5"]
[White "Parramon, F."]
[Black "Martinez, Ingrid"]
[Result "1/2-1/2"]
[WhiteElo "2035"]
[BlackElo "2135"]

1.d4 Nf6 2.Nf3 g6 3.c4 Bg7 4.Nc3 O-O 5.e4 d6 6.Be2 e5 7.O-O Nc6 8.d5 Ne7
9.Ne1 Ne8 10.f3 f5 11.g4 fxg4 12.fxg4 Rxf1+ 13.Kxf1 h6 14.h4 Nf6 15.g5 hxg5
16.hxg5 Bh3+ 17.Kg1 Nh7 18.Bg4 Bxg4 19.Qxg4 c6 20.Be3 Qc7 21.Rc1 Rf8 22.Rc2 Rf7
23.b4 Nf8 24.Nd3 a5 25.a3 cxd5 26.Nb5 Qc6 27.exd5 Qc8 28.Qxc8 Nxc8 29.bxa5 Rd7
30.Nb4 Ne7 31.a6 bxa6 32.Nxa6 Nf5 33.Bc1 e4 34.Re2 Re7 35.Bf4 Nd4 36.Nxd4 Bxd4+
37.Kg2 Be5 38.Rxe4 Nd7 39.a4 Kf7 40.Be3 Re8 41.c5 Ra8 42.Nc7 Rc8 43.cxd6 Bxd6
44.Nb5 Rc2+ 45.Kf1 Bg3 46.Nd4 Rc4 47.d6 Be5 48.Ke2 Rxa4 49.Rh4 Ra2+ 50.Kf3 Rh2
51.Rxh2 Bxh2 52.Bf4 Bg1 53.Nb5 Ke6 54.Nc7+ Kf5 55.Ne8 Ke6 56.Ke4 Nc5+ 57.Kf3 Nd7
58.Nc7+ Kf5 59.Nd5 Ke6 60.Ne7 Nf8 61.Ke4 Bc5 62.Nc8 Nd7 63.Kd3 Kf5 64.Bd2 Ne5+
65.Ke2 Ke6 66.Bf4 Bxd6 67.Nxd6 Kxd6  1/2-1/2

[Event "Kastel Stari op"]
[Site "Kastel Stari"]
[Date "1997.??.??"]
[Round "1"]
[White "Cebalo, Miso"]
[Black "Ivic, Mateo"]
[Result "1-0"]
[WhiteElo "2540"]
[BlackElo "2105"]

1.d4 Nf6 2.Nf3 g6 3.c4 Bg7 4.Nc3 O-O 5.e4 d6 6.Be2 e5 7.O-O Nc6 8.d5 Ne7
9.b4 Nh5 10.Re1 Nf4 11.Bf1 h6 12.c5 g5 13.Nd2 Neg6 14.Nc4 Re8 15.a4 h5 16.cxd6 cxd6
17.Be3 Nh4 18.Nb5 Bf8 19.Nxa7 Bg4 20.f3 Bd7 21.Nb6 g4 22.Nxd7 Qxd7 23.fxg4 Qxg4
24.Qxg4+ hxg4 25.a5 f5 26.Nb5 Rac8 27.Bf2 Nh3+ 28.gxh3 Nf3+ 29.Kg2 Nxe1+
30.Rxe1 gxh3+ 31.Kf3 Rc2 32.Bxh3 Rb2 33.Bxf5 Rxb4 34.Rg1+ Kh8 35.Bh4 Rb3+
36.Ke2  1-0

[Event "Kastel Stari op"]
[Site "Kastel Stari"]
[Date "1997.??.??"]
[Round "4"]
[White "Tukmakov, Vladimir B"]
[Black "Delchev, Aleksander"]
[Result "1/2-1/2"]
[WhiteElo "2585"]
[BlackElo "2515"]

1.d4 Nf6 2.Nf3 g6 3.c4 Bg7 4.Nc3 O-O 5.e4 d6 6.Be2 e5 7.O-O Nc6 8.d5 Ne7
9.b4 Nh5 10.Re1 f5 11.Ng5 Nf6 12.Bf3 c6 13.Bb2 h6 14.Ne6 Bxe6 15.dxe6 fxe4
16.Bxe4 Nxe4 17.Nxe4 Nf5 18.Qg4 Qe8 19.e7 Qxe7 20.Qxg6 Rad8 21.Rad1 d5 22.cxd5 cxd5
23.Ng3 Nxg3 24.Qxg3 e4 25.f3 Rf7 26.fxe4 Qxb4 27.Bd4 Qd6 28.e5 Qe6 29.Rf1 Rxf1+
30.Rxf1 Kh7 31.Rf4 Qg6 32.Qb3 b6 33.h3 Rd7 34.Qf3 Qe6 35.Qd3+ Qg6 36.Qf3 Qe6
37.Rf5 Rc7 38.Qd3 Kg8 39.Rf1  1/2-1/2

[Event "Klatovy op-A"]
[Site "Klatovy"]
[Date "1997.??.??"]
[Round "?"]
[White "Trmota, Zdenek"]
[Black "Hitzgerova, Gabriela"]
[Result "1/2-1/2"]
[WhiteElo "2110"]
[BlackElo "2020"]

1.d4 Nf6 2.Nf3 g6 3.c4 Bg7 4.Nc3 d6 5.e4 O-O 6.Be2 e5 7.O-O Nc6 8.d5 Ne7
9.Nd2 a5 10.a3 Nd7 11.Rb1 f5 12.b4 Kh8 13.f3 axb4 14.axb4 Bh6 15.Nb3 Bxc1
16.Qxc1 f4 17.c5 Nf6 18.Nb5 Ne8 19.Ra1 Rb8 20.Qc2 Ng8 21.Rfc1 Rf7 22.Na7 Bd7
23.Na5 Ne7 24.c6 bxc6 25.N5xc6 Nxc6 26.Nxc6 Bxc6 27.Qxc6 Rb6 28.Qa8 Rb8 29.Qa5 g5
30.Rc6 Rg7 31.Ra6 Nf6 32.Ra8 Rg8 33.Rxb8 Qxb8 34.Rc1 Rg7 35.Ra1 Rg8 36.Rc1 Rg7
37.Ra1 Rg8  1/2-1/2

[Event "Klatovy op-A"]
[Site "Klatovy"]
[Date "1997.??.??"]
[Round "?"]
[White "Trmota, Zdenek"]
[Black "Cedikova, Katerina"]
[Result "1/2-1/2"]
[WhiteElo "2110"]
[BlackElo "1890"]

1.d4 Nf6 2.Nf3 g6 3.c4 Bg7 4.Nc3 O-O 5.e4 d6 6.Be2 e5 7.O-O Nc6 8.d5 Ne7
9.Nd2 a5 10.a3 Nd7 11.Rb1 f5 12.b4 axb4 13.axb4 Kh8 14.f3 f4 15.Qc2 g5 16.Nb5 Nf6
17.c5 Ne8 18.Bb2 Ng8 19.Ra1 Rb8 20.Na7 Ngf6 21.Rfc1 Bd7 22.b5 g4 23.c6 bxc6
24.bxc6 Bc8 25.Nxc8 Qxc8 26.Bc3 gxf3 27.Bxf3 Ng4 28.Nf1 Nef6 29.Ra7 Bh6 30.Rca1 Ne3
31.Nxe3 fxe3 32.Qe2 Rg8 33.Kh1 Rb3 34.Qc2 Rb8 35.Ba5 Rg7 36.Qe2 Ra8 37.Be1 Rxa7
38.Rxa7 Qb8 39.Rb7 Qa8 40.Qb2 Qa6 41.Be2 Qa4 42.Rb4 Qa7 43.Bh4 Bg5 44.Rb8+ Ng8
45.Be1 Qa4 46.Rb4 Qa5 47.Qb1 Rf7 48.Kg1 Kg7 49.Rb7 Qa4 50.Bh5 Re7 51.Rb4 Qa6
52.Bg4 Rf7 53.Bf5 Ne7 54.Qc2 Ng6 55.g3 Ne7 56.Ra4 Qb5 57.Ra5 Qb6 58.Kg2 Nxf5
59.exf5 Qd4 60.Rb5 Qg4 61.Rb7 Qd4 62.Rb5 Qg4 63.Rb7 Qd4 64.Rb5  1/2-1/2

[Event "Klatovy op-A"]
[Site "Klatovy"]
[Date "1997.??.??"]
[Round "?"]
[White "Juptner, J."]
[Black "Stluka, Frantisek"]
[Result "0-1"]
[WhiteElo "1905"]
[BlackElo "2140"]

1.d4 Nf6 2.c4 g6 3.Nc3 Bg7 4.e4 d6 5.Nf3 O-O 6.Be2 e5 7.O-O Nc6 8.d5 Ne7
9.b4 Ne8 10.Nd2 f5 11.Bf3 Nf6 12.c5 f4 13.Nc4 g5 14.cxd6 cxd6 15.b5 g4 16.Be2 h5
17.b6 Ng6 18.Ba3 Ne8 19.Nb5 f3 20.Ncxd6 fxe2 21.Qxe2 Nxd6 22.Nxd6 Rf6 23.Nxc8 Qxc8
24.Rac1 Qd8 25.Rc7 axb6 26.Qc4 b5 27.Qc1 Rfa6 28.Bb4 Nf4 29.Qc5 Bf8 30.Qxf8+ Qxf8
31.Bxf8 Kxf8 32.Rxb7 Rxa2 33.Rxb5 Re2 34.d6 Rxe4 35.g3 Ne2+ 36.Kg2 Nd4 37.Rb7 Re2
38.Rh7 Kg8 39.Rxh5 Kf7 40.Rh4 Rg8 41.Rc1 Nf5 42.Rh7+ Ke6 43.d7 Rd2 44.h3 gxh3+
45.Kxh3 Rxd7 46.Rxd7 Kxd7 47.Re1 Kd6 48.Ra1 Kd5 49.Kg2 Nh4+ 50.Kf1 Nf3 51.Ra5+ Ke4
52.Ra4+ Kf5 53.Ke2 Nd4+ 54.Kf1 Rd8 55.Kg2 Rd5 56.Ra8 Ne6 57.Rh8 Rd2 58.Rh5+ Ke4
59.Rh4+ Kd3 60.Rh6 Nd4 61.Ra6 Nb5 62.Ra5 Rb2 63.Ra8 e4 64.Re8 Nd4 65.Re7 Nf3
66.Rd7+ Ke2 67.Re7 Nd2 68.f4 Ke3 69.f5 Nc4+ 70.Kh3 Kf3 71.f6 Rb6 72.Rf7 Ne5
73.Rf8 e3  0-1

[Event "Klatovy op-A"]
[Site "Klatovy"]
[Date "1997.??.??"]
[Round "?"]
[White "Novak, Pavel"]
[Black "Sott, Pavel"]
[Result "1/2-1/2"]
[WhiteElo "2215"]
[BlackElo "1950"]

1.d4 Nf6 2.c4 g6 3.Nc3 Bg7 4.e4 d6 5.Nf3 O-O 6.Be2 e5 7.O-O Nc6 8.d5 Ne7
9.Nd2 Nd7 10.b4 f5 11.f3 Nf6 12.Nb3 f4  1/2-1/2

[Event "Klatovy op-A"]
[Site "Klatovy"]
[Date "1997.??.??"]
[Round "?"]
[White "Sysel, Jaroslav"]
[Black "Blecha, Milan"]
[Result "0-1"]
[WhiteElo "1965"]
[BlackElo "1890"]

1.d4 Nf6 2.c4 g6 3.Nc3 Bg7 4.e4 d6 5.Nf3 O-O 6.Be2 e5 7.O-O Nc6 8.d5 Ne7
9.Ne1 Ne8 10.Be3 f5 11.f3 f4 12.Bf2 h5 13.b4 g5 14.c5 Kh8 15.a4 Ng8 16.cxd6 cxd6
17.b5 Nh6 18.Rc1 g4 19.b6 a6 20.a5 Rg8 21.fxg4 hxg4 22.g3 f3 23.Bd3 Bf6 24.Na2 Nf7
25.Nb4 Ng5 26.Nc6 Nh3+ 27.Kh1 Qd7 28.Na7 Bg5 29.Rc3 Qd8 30.Qc2 Bd7 31.Bxa6 Nxf2+
32.Rxf2 bxa6 33.Nd3 Rxa7 34.bxa7 Qa8 35.Qb3 Bb5 36.h3 Rg7 37.hxg4 Rh7+ 38.Rh2 Rxh2+
39.Kxh2 Qxa7 40.Qc2 Qh7+ 41.Kg1 Be3+ 42.Nf2 Qh3  0-1

[Event "Klatovy op-A"]
[Site "Klatovy"]
[Date "1997.??.??"]
[Round "?"]
[White "Schauer, Jiri"]
[Black "Most, Zdenek"]
[Result "1-0"]
[WhiteElo "1950"]
[BlackElo "2195"]

1.e4 d6 2.d4 g6 3.c4 Bg7 4.Nc3 Nf6 5.Nf3 O-O 6.Be2 e5 7.O-O Nc6 8.d5 Ne7
9.Ne1 Nd7 10.Be3 f5 11.f3 f4 12.Bf2 a5 13.a3 g5 14.b4 b6 15.Nd3 Rf7 16.c5 Ng6
17.cxd6 cxd6 18.Nb5 Nf6 19.Rc1 Bf8 20.Nb2 axb4 21.axb4 g4 22.Rc6 gxf3 23.gxf3 Rb8
24.Nc4 Bh3 25.Bxb6 Rxb6 26.Nxb6 Rg7 27.Kh1 Ne7 28.Rxd6 Bg2+ 29.Kg1 Bxf3+
30.Kf2 Nxe4+ 31.Kxf3 Nxd6 32.Nxd6 Qxd6 33.Nc4 Qxb4 34.Nxe5 Nf5 35.Bc4 Nh4+
36.Ke4 Ng6 37.d6+ Kh8 38.d7 Nxe5  1-0

[Event "Klatovy op-B"]
[Site "Klatovy"]
[Date "1997.??.??"]
[Round "?"]
[White "Kuchta, J."]
[Black "Jiricka, M."]
[Result "0-1"]
[WhiteElo "1610"]
[BlackElo "1750"]

1.d4 Nf6 2.c4 g6 3.Nc3 Bg7 4.e4 d6 5.Nf3 O-O 6.Be2 Nc6 7.O-O e5 8.d5 Ne7
9.Nd2 Nd7 10.b4 f5 11.f3 f4 12.Nb3 g5 13.c5 Nf6 14.Bd2 h5 15.Rc1 Ng6 16.cxd6 cxd6
17.a3 Rf7 18.Be1 Bf8 19.Bf2 g4 20.Nb5 a6 21.Nc3 Rg7 22.Kh1 g3 23.hxg3 fxg3
24.Bxg3 h4 25.Bh2 Nh5 26.Qe1 Qg5 27.Rf2 Ng3+ 28.Kg1 Nf4 29.Bf1 h3 30.Rcc2 Nxf1
31.Bxf4 exf4 32.Qxf1 Bd7 33.Nd4 Rc8 34.Nd1 Rxc2 35.Rxc2 Rg6 36.Qf2 Bg7 37.Ne6 Bxe6
38.dxe6 Rxe6 39.Rd2 Rg6 40.Qe2 Qh4 41.Qf1 Kh7 42.Nb2 Bd4+ 43.Rxd4 hxg2  0-1

[Event "Klatovy op-A"]
[Site "Klatovy"]
[Date "1997.??.??"]
[Round "?"]
[White "Boller, G."]
[Black "Folk, Petr"]
[Result "0-1"]
[WhiteElo "2030"]
[BlackElo "2225"]

1.d4 Nf6 2.Nf3 g6 3.c4 Bg7 4.Nc3 O-O 5.e4 d6 6.Be2 e5 7.O-O Nc6 8.d5 Ne7
9.b4 Nh5 10.Re1 a5 11.bxa5 Rxa5 12.Nd2 Nf4 13.Bf1 f5 14.a4 Ra8 15.Ra3 Kh8
16.g3 Nh5 17.Be2 Nf6 18.f3 f4 19.Nf1 g5 20.g4 Ng6 21.h3 h5 22.Nh2 Nh4 23.Rf1 Rf7
24.Bd2 Bf8 25.Be1 Ng6 26.Qb3 Rh7 27.Bd1 Qe7 28.Ra2 Qg7 29.Rg2 hxg4 30.hxg4 Nd7
31.Bf2 Nh4 32.Bxh4 Rxh4 33.Rff2 Nc5 34.Qb1 Qh7 35.Kf1 Bd7 36.Ke2 Be7 37.Nf1 Kg7
38.Bc2 Rh8 39.Nb5 Bd8 40.Qb2 Qg6 41.Nd2 Qe8 42.Qa3 R8h6 43.Nb3 Nxb3 44.Qxb3 b6
45.Qb4 Qh8 46.a5 bxa5 47.Qxa5 Rh2 48.Qa7 Rxg2 49.Rxg2 Rh2 50.Qf2 Rh1 51.Rg1 Bf6
52.Rxh1 Qxh1 53.Qf1 Qh2+ 54.Qf2 Qh3 55.Bd1 Kf7 56.Qf1 Bxg4 57.fxg4 Qe3+  0-1

[Event "Koge op"]
[Site "Koge"]
[Date "1997.??.??"]
[Round "3"]
[White "Petersen, S."]
[Black "Sorensen, Torben"]
[Result "1/2-1/2"]
[WhiteElo "2140"]
[BlackElo "2300"]

1.d4 Nf6 2.c4 g6 3.Nc3 Bg7 4.Nf3 O-O 5.e4 d6 6.Be2 e5 7.O-O Nc6 8.d5 Ne7
9.b4 Nh5 10.Re1 Nf4 11.Bf1 f5 12.Bxf4 fxe4 13.Bxe5 exf3 14.Bxg7 Kxg7 15.Qd4+ Kg8
16.Qh4 fxg2 17.Bxg2 Rf7 18.Re2 Bd7 19.Ne4 Nf5 20.Qxd8+ Rxd8 21.Ng5 Rf6 22.Rae1 h6
23.Ne6 Bxe6 24.Rxe6 Rxe6 25.Rxe6 Kf7 26.Be4 Ne7 27.h4 Rg8 28.f3 b6 29.Kf2 Rg7
30.h5 gxh5 31.Rxh6 Rg5 32.f4 Rg4 33.Kf3 Rh4 34.Kg3 Rg4+ 35.Kf3 Rh4 36.Kg3 Rg4+
37.Kf3  1/2-1/2

[Event "Koge op"]
[Site "Koge"]
[Date "1997.??.??"]
[Round "4"]
[White "Molvig, Henrik"]
[Black "Hillarp Persson, Tiger"]
[Result "0-1"]
[WhiteElo "2230"]
[BlackElo "2445"]

1.d4 Nf6 2.c4 g6 3.Nc3 Bg7 4.e4 d6 5.Nf3 O-O 6.Be2 e5 7.O-O Nc6 8.d5 Ne7
9.Ne1 Ne8 10.Be3 f5 11.f3 Kh8 12.Nd3 f4 13.Bf2 h5 14.c5 g5 15.Rc1 Ng8 16.a4 Nh6
17.a5 g4 18.Kh1 Qg5 19.cxd6 cxd6 20.Nb5 Rg8 21.Rxc8 Rxc8 22.Nxa7 Rc7 23.Bb6 Rd7
24.b4 Nf6 25.b5 Qh4 26.Qe1 g3 27.h3 Nh7 28.Rg1 Bf6 29.a6 Rdg7 30.Bf1 Ng4
31.Nc6 bxc6 32.dxc6 Bd8 33.Bxd8 Qxd8 34.fxg4 hxg4 35.Be2 Qh4 36.Bxg4 Rxg4
37.Qe2 Qd8 38.Nb4 Rh4 39.Rc1 Ng5 40.c7 Qc8 41.Kg1 f3 42.gxf3 Nxh3+  0-1

[Event "RUS-ch (Women) sf+"]
[Site "Kolontaevo"]
[Date "1997.??.??"]
[Round "?"]
[White "Zhurina, Elizaveta"]
[Black "Malashenko, Alyona"]
[Result "1-0"]
[WhiteElo "2235"]
[BlackElo "2250"]

1.d4 Nf6 2.Nf3 g6 3.c4 d6 4.Nc3 Bg7 5.e4 O-O 6.Be2 e5 7.O-O Nc6 8.d5 Ne7
9.b4 Nd7 10.Ba3 f5 11.c5 Nf6 12.cxd6 cxd6 13.Ng5 fxe4 14.Ngxe4 Nxe4 15.Nxe4 Rf4
16.Bf3 Bf5 17.Re1 Bxe4 18.Rxe4 Rxe4 19.Bxe4 Rc8 20.Rc1 Bh6 21.Rc2 b5 22.h4 Rxc2
23.Qxc2 Qc8 24.Qd3 a6 25.h5 Kg7 26.Bb2 Qc4 27.Qxc4 bxc4 28.hxg6 hxg6 29.a4 Bd2
30.Ba3 Nc8 31.b5 axb5 32.axb5 Kf6 33.Kf1 Ba5 34.Ke2 g5 35.Kf3 Bb6 36.Bc2 Na7
37.Ba4 Nc8 38.Bb4 Bd4 39.Bc2 Ke7 40.Bd2 Kf6 41.Kg4 Bxf2 42.Bxg5+ Kf7 43.Bd8 Bb6
44.Bg5 Bd4 45.Kf5 Nb6 46.Ke4 Nc8 47.g4 Na7 48.Ba4 Nc8 49.Bd2 Bc5 50.Ba5 Kg6
51.Bd2 Kf6 52.Ba5 Kg6 53.Bd8 Bb6 54.Bh4 Bd4 55.Be1 Bc5 56.Kf3 Kg7 57.Ba5 Kh6
58.Bc2 Kg7 59.g5 Bb6 60.Bb4 Bd8 61.Kg4 Kf7 62.Bf5 Nb6  1-0

[Event "Komarno op"]
[Site "Komarno"]
[Date "1997.??.??"]
[Round "?"]
[White "Krivoshey, Sergei"]
[Black "Manik, Mikulas"]
[Result "1/2-1/2"]
[WhiteElo "2425"]
[BlackElo "2455"]

1.d4 Nf6 2.Nf3 g6 3.c4 Bg7 4.Nc3 d6 5.e4 O-O 6.Be2 e5 7.O-O Nc6 8.d5 Ne7
9.Ne1 Nd7 10.Be3 f5 11.f3 f4 12.Bf2 g5 13.a4 Nf6 14.c5 Ng6 15.a5 a6 16.Kh1 h5
17.cxd6 cxd6 18.Na4 g4 19.Nb6 Rb8 20.Nxc8 Rxc8 21.fxg4 Nxe4 22.gxh5 Nxf2+
23.Rxf2 Qh4 24.Rf3 Ne7 25.Rh3 Qf6 26.Bd3 Nf5 27.Qf3 Rc7 28.Qe4 Nh6 29.Qh7+ Kf7
30.Be4 Rh8 31.Qg6+ Qxg6 32.hxg6+ Kf6 33.Nd3 Rc4 34.Nf2 Nf5 35.Rxh8 Bxh8 36.Re1 Ne7
37.g3 Nxg6 38.Bxg6 Kxg6 39.Kg2 Rc2 40.gxf4 Rxb2 41.Kf3 exf4 42.Re8 Bd4 43.Ne4 Be5
44.Re6+ Kf5 45.Nxd6+ Bxd6 46.Rxd6 Rxh2 47.Rd7 Rb2 48.Re7 Rb3+ 49.Ke2 f3+
50.Kf2 Kf4 51.d6 Rb2+ 52.Kf1 Rd2 53.Rxb7 Rxd6 54.Rb6 Rd1+ 55.Kf2 Rd2+ 56.Kf1  1/2-1/2

[Event "Cassovia op"]
[Site "Kosice"]
[Date "1997.??.??"]
[Round "?"]
[White "Likavsky, Tomas"]
[Black "Mrva, Martin"]
[Result "1-0"]
[WhiteElo "2240"]
[BlackElo "2395"]

1.d4 Nf6 2.c4 g6 3.Nc3 Bg7 4.e4 d6 5.Nf3 O-O 6.Be2 e5 7.O-O Nc6 8.d5 Ne7
9.Ne1 Nd7 10.Be3 f5 11.f3 f4 12.Bf2 g5 13.g4 fxg3 14.hxg3 a6 15.Qd2 Ng6 16.Ng2 Bh6
17.Be3 Kh8 18.Kf2 Nf4 19.Rh1 Qf6 20.Rh2 Bg7 21.Rah1 h6 22.Bd1 Kg8 23.Ne1 Ng6
24.Nd3 Nb6 25.b3 Bd7 26.c5 Nc8 27.Ke1 Be8 28.Nf2 Bd7 29.c6 bxc6 30.dxc6 Bxc6
31.Ng4 Qf7 32.Rxh6 Re8 33.Bxg5 Bd7 34.Rh8+ Nxh8 35.Nh6+ Bxh6 36.Rxh6 Re6
37.Rh1 c6 38.f4 Rg6 39.f5 Bxf5 40.exf5 Qxf5 41.Qh2 Nf7 42.Qh7+ Kf8 43.Rf1 Qxf1+
44.Kxf1 Rxg5 45.Ne4 Rg7 46.Qh3 Ne7 47.Bh5 Ng5 48.Nxg5 Rxg5 49.Qh4 Rf5+ 50.Ke1 Ng8
51.Qe4 Ne7 52.g4 d5 53.Qb4 Rf6 54.g5 Rf5 55.Qd6 e4 56.Qh6+ Kg8 57.g6  1-0

[Event "Cassovia op"]
[Site "Kosice"]
[Date "1997.??.??"]
[Round "?"]
[White "Zimmerman, Yuri"]
[Black "Likavsky, Tomas"]
[Result "1-0"]
[WhiteElo "2380"]
[BlackElo "2240"]

1.d4 Nf6 2.c4 g6 3.Nc3 Bg7 4.e4 d6 5.Be2 e5 6.Nf3 O-O 7.O-O Nc6 8.d5 Ne7
9.Ne1 Ne8 10.Be3 f5 11.f3 c5 12.dxc6 bxc6 13.b4 Be6 14.Nc2 Nf6 15.Qd2 f4
16.Bf2 d5 17.cxd5 cxd5 18.exd5 Nexd5 19.Bc5 Rf7 20.Rad1 Qc8 21.Nxd5 Bxd5
22.Na3 Qe6 23.Nb5 Rd7 24.Qc2 Kh8 25.Nc3 Bb7 26.Bb5 Rxd1 27.Rxd1 e4 28.fxe4 Nxe4
29.Nxe4 Bxe4 30.Re1 Bxc2 31.Rxe6 Bc3 32.Bc6 Rd8 33.Re8+ Rxe8 34.Bxe8 a6 35.Kf2 Kg7
36.Bc6 Kf6  1-0

[Event "Cassovia op"]
[Site "Kosice"]
[Date "1997.??.??"]
[Round "?"]
[White "Harasta, Vladimir"]
[Black "Treybal, Dusan"]
[Result "1/2-1/2"]
[WhiteElo "2170"]
[BlackElo "2275"]

1.c4 Nf6 2.Nc3 g6 3.e4 d6 4.d4 Bg7 5.Nf3 O-O 6.Be2 e5 7.O-O Nc6 8.d5 Ne7
9.b4 Ne8 10.Nd2 f5 11.c5 fxe4 12.Ndxe4 Nf5 13.a4 h6 14.Ba3 Nd4 15.a5 Bf5
16.f3 a6 17.Bc1 Nf6 18.Nxf6+ Qxf6 19.Ne4 Qe7 20.Ba3 Bxe4 21.fxe4 Rxf1+ 22.Bxf1 Rf8
23.Bd3 h5 24.c6 bxc6 25.dxc6 Bh6 26.Bc1 Bxc1 27.Qxc1 Kg7 28.Ra2 Qh4 29.Qe3 Nxc6
30.Rc2 Nxb4 31.Rxc7+ Rf7 32.Rxf7+ Kxf7 33.g3 Qe7 34.Bc4+ d5 35.Bxd5+ Nxd5
36.exd5 Qc7 37.Qb6 Qc1+ 38.Kg2 Qc2+ 39.Kh3 Qf5+ 40.Kg2 Qe4+  1/2-1/2

[Event "Koszalin sim2"]
[Site "Koszalin"]
[Date "1997.??.??"]
[Round "?"]
[White "Schmidt, Wlodzimierz"]
[Black "Juzek, Adrian"]
[Result "1/2-1/2"]
[WhiteElo "2440"]
[BlackElo "2180"]

1.Nf3 g6 2.c4 Bg7 3.d4 Nf6 4.Nc3 O-O 5.e4 d6 6.Be2 e5 7.O-O Nc6 8.d5 Ne7
9.Ne1 Ne8 10.Be3 f5 11.f3 f4 12.Bf2 g5 13.c5 Ng6 14.a4 h5 15.Rc1 Rf7 16.cxd6 cxd6
17.Nb5 Bf8 18.Nxa7 Bd7 19.Nb5 Rg7 20.b3 g4 21.fxg4 f3 22.Bxf3 hxg4 23.Bxg4 Bxg4
24.Qxg4 Nf4 25.Qf3 Nf6 26.Kh1 Ng4 27.Bg1 Rc8 28.Rxc8 Qxc8 29.g3 Nh3 30.Qf5 Qd8
31.Bb6 Qxb6 32.Qxf8+ Kh7 33.Qf5+ Kg8 34.Nf3 Nhf2+ 35.Kg1 Nh3+ 36.Kh1 Nhf2+
37.Kg1  1/2-1/2

[Event "MK Cafe op-A"]
[Site "Koszalin"]
[Date "1997.??.??"]
[Round "6"]
[White "Krasenkow, Michal"]
[Black "Zaitsev, Igor A"]
[Result "1-0"]
[WhiteElo "2645"]
[BlackElo "2475"]

1.Nf3 Nf6 2.d4 g6 3.c4 Bg7 4.Nc3 d6 5.e4 O-O 6.Be2 e5 7.O-O Nc6 8.d5 Ne7
9.b4 a5 10.Ba3 b6 11.bxa5 Nh5 12.Nb5 Rxa5 13.Bb4 Ra8 14.Qb3 Nf4 15.Bd1 f5
16.Bc2 g5 17.Nd2 Ne2+ 18.Kh1 f4 19.Rfe1 Nd4 20.Nxd4 exd4 21.e5 Bxe5 22.Rxe5 dxe5
23.Re1 Re8 24.Be4 Ng6 25.d6 Rb8 26.Bd5+ Kg7 27.dxc7 Qxc7 28.Ne4 Qd8 29.Bd6 Bf5
30.Bxb8 Bxe4 31.Bxe4 Qxb8 32.Rb1 Qc7 33.Qd3 Re6 34.Rb5 Qd8 35.a4 Qf6 36.h3 Nf8
37.Bf5 Rd6 38.a5 bxa5 39.c5 Rc6 40.Be4 Rc7 41.Rxa5 Ne6 42.c6 Nd8 43.Rb5 Nf7
44.Rb7 Rxc6 45.Bxc6 Qxc6 46.Qb3 Qf6 47.f3 Qf5 48.Qd5 h5 49.Kg1 Qf6 50.Qd7 Qg6
51.Qe8 Qf5 52.Rb8 Kf6 53.Qg8 Qe6 54.Rf8 Qd5 55.Qh8+ Ke7 56.Re8+ Kd7 57.Qf8 Nd6
58.Re7+  1-0

[Event "Gran Canaria op"]
[Site "Las Palmas"]
[Date "1997.??.??"]
[Round "?"]
[White "Brito, Alfredo"]
[Black "Renet, Olivier"]
[Result "1/2-1/2"]
[WhiteElo "2405"]
[BlackElo "2520"]

1.d4 Nf6 2.c4 g6 3.Nc3 Bg7 4.e4 d6 5.Nf3 O-O 6.Be2 e5 7.O-O Nc6 8.d5 Ne7
9.b4 Nh5 10.Re1 f5 11.Ng5 Nf6 12.Bf3 c6 13.Qb3 h6 14.Ne6 Bxe6 15.dxe6 fxe4
16.Nxe4 Nf5 17.Bb2 Nxe4 18.Bxe4 Qf6 19.b5 Rac8 20.Qa4 Ne7 21.Qxa7 Ra8 22.Qe3 Qxe6
23.Qb3 d5 24.cxd5 cxd5 25.Bf3 Rf4 26.g3 Rfa4 27.Bd1 Nf5 28.Qd3 e4 29.Bxg7 Nxg7
30.Qd2 Nf5 31.Bxa4 Rxa4 32.Rac1 Ra8 33.Rc7 Qe5 34.Qc2 Nd4 35.Rc8+ Kf7 36.Qc7+ Qxc7
37.Rxc7+ Ke6 38.Kg2 b6 39.Rb7 Rxa2 40.Rxb6+ Ke5 41.Rxg6 Nxb5 42.Rxh6 Nc3
43.Rc6 d4 44.Rc5+ Kd6 45.Rxc3 dxc3 46.Rxe4 Kd5 47.Re1 Kd4 48.h4 Kd3 49.h5 c2
50.Rh1 Rb2 51.Rc1 Kd2 52.Rxc2+ Rxc2 53.g4 Kd3 54.Kf3 Kd4 55.Kf4 Rxf2+ 56.Kg5 Ke5
57.h6 Rh2 58.Kg6 Kf4 59.Kg7 Kxg4 60.h7 Rxh7+  1/2-1/2

[Event "US-op"]
[Site "Las Vegas"]
[Date "1997.??.??"]
[Round "1"]
[White "Pupols, Viktors"]
[Black "Hanoian, R."]
[Result "1-0"]
[WhiteElo "2295"]
[BlackElo "2020"]

1.d4 Nf6 2.c4 g6 3.Nc3 Bg7 4.e4 d6 5.Be2 O-O 6.Nf3 e5 7.O-O Nc6 8.d5 Ne7
9.Ne1 Ne8 10.f3 f5 11.g4 fxg4 12.fxg4 Rxf1+ 13.Kxf1 c5 14.Nd3 Bd7 15.g5 Nc7
16.Nf2 a6 17.a3 Nc8 18.Be3 b5 19.b3 Rb8 20.Kg2 Bf8 21.h4 bxc4 22.bxc4 Ne8
23.Nh1 Rb2 24.Bc1 Rb7 25.Ng3 Be7 26.Bd2 Ng7 27.Qc2 Qc7 28.a4 Qb8 29.Nd1 Bd8
30.a5 Ne7 31.Ra2 Bc7 32.Nf2 Rb1 33.Bc3 Rb7 34.Ra1 Kh8 35.Rh1 Qd8 36.Qd2 Rb3
37.Bd1 Rxc3 38.Qxc3 Bxa5 39.Qa3 Qb6 40.Nd3 Bb4 41.Qa2 a5 42.Rf1 Ngf5 43.exf5 Bxf5
44.Nf2 Bd7 45.Nfe4 Nf5 46.Nxf5 Bxf5 47.Ng3  1-0

[Event "US-op"]
[Site "Las Vegas"]
[Date "1997.??.??"]
[Round "5"]
[White "Belakovskaia, Anjelina"]
[Black "Stein, Peter"]
[Result "1/2-1/2"]
[WhiteElo "2405"]
[BlackElo "2180"]

1.d4 Nf6 2.c4 g6 3.Nc3 Bg7 4.Nf3 O-O 5.e4 d6 6.Be2 e5 7.O-O Nc6 8.d5 Ne7
9.b4 Nh5 10.c5 Nf4 11.Bxf4 exf4 12.Rc1 a6 13.Qb3 Bg4 14.Nd2 h5 15.Nc4 b5
16.cxb6 cxb6 17.Bxg4 hxg4 18.b5 a5 19.Qd1 f5 20.e5 Nc8 21.e6 Ra7 22.Na4 Bf6
23.Qb3 Rh7 24.Ncxb6 Nxb6 25.Nxb6 Bd4 26.Nd7 Qh4 27.h3 gxh3 28.Qxh3 Qg5 29.Qd3 Qh4
30.Qh3 Qg5 31.Qd3  1/2-1/2

[Event "Leeuwarden op"]
[Site "Leeuwarden"]
[Date "1997.??.??"]
[Round "8"]
[White "Ulibin, Mikhail"]
[Black "Nijboer, Friso"]
[Result "1-0"]
[WhiteElo "2535"]
[BlackElo "2605"]

1.d4 Nf6 2.c4 g6 3.Nc3 Bg7 4.e4 d6 5.Be2 O-O 6.Nf3 e5 7.O-O Nc6 8.d5 Ne7
9.Nd2 a5 10.a3 Bd7 11.Rb1 a4 12.b4 axb3 13.Nxb3 Ba4 14.c5 dxc5 15.Nxa4 Rxa4
16.f3 b6 17.Nxc5 Rd4 18.Nd3 c6 19.dxc6 Nxc6 20.Be3 Nd7 21.Bxd4 Nxd4 22.Nb4 Qa8
23.a4 Rd8 24.Nd5 Kh8 25.Bb5 Nc5 26.Nxb6 Qa7 27.Bc4 f5 28.Bd5 g5 29.g4 fxg4
30.fxg4 Nce6 31.Bxe6 Nxe6 32.Qc2 h5 33.Qc6 Nf4 34.gxh5 Qf7 35.h6 Bf8 36.Nd5 Rd6
37.Qa8 Rxh6 38.Qb8 Kh7 39.Rb7  1-0

[Event "Lichtenstein op"]
[Site "Lichtenstein"]
[Date "1997.??.??"]
[Round "1"]
[White "Eberhard, Klaus"]
[Black "Kleinsasser, Franz"]
[Result "1/2-1/2"]
[WhiteElo "1660"]
[BlackElo "2145"]

1.d4 Nf6 2.c4 g6 3.Nc3 Bg7 4.e4 d6 5.Nf3 O-O 6.Be2 e5 7.O-O Nc6 8.d5 Ne7
9.Nd2 a5 10.Rb1 Ne8 11.a3 f5 12.b4 axb4 13.axb4 Nf6 14.f3 f4 15.c5 g5 16.Nc4 h5
17.h3 Kh8 18.Ba3 Neg8 19.cxd6 cxd6 20.b5 Ne8 21.b6 Nh6 22.Nb5 Rf6 23.Qb3 Rg6
24.Rfc1 g4 25.hxg4 hxg4 26.fxg4 Bxg4 27.Bxg4 Nxg4 28.Nc7 Nxc7 29.bxc7 Qxc7
30.Nxe5 Qxc1+ 31.Bxc1 Bxe5 32.Qxb7 Rag8 33.Bb2 Ne3 34.Bxe5+ dxe5 35.Rb2 f3
36.Qe7 Rxg2+ 37.Rxg2 Rxg2+ 38.Kh1 f2 39.Qf8+ Kh7 40.Qf7+ Kh6 41.Qf6+ Kh7
42.Qf7+  1/2-1/2

[Event "Linares Mex"]
[Site "Linares"]
[Date "1997.??.??"]
[Round "7"]
[White "Pineda, Boris"]
[Black "Ferrera, Benjamin"]
[Result "1-0"]
[WhiteElo "2245"]
[BlackElo "2225"]

1.Nf3 g6 2.d4 Bg7 3.c4 Nf6 4.Nc3 O-O 5.e4 d6 6.Be2 e5 7.O-O Nc6 8.d5 Ne7
9.b4 Nh5 10.Re1 Nf4 11.Bf1 a5 12.Ba3 axb4 13.Bxb4 Kh8 14.c5 g5 15.Nb5 g4
16.Nd2 dxc5 17.Bxc5 Ra6 18.Nc4 Rh6 19.g3 b6 20.Ba3 Neg6 21.f3 gxf3 22.Qxf3 Qg5
23.Ne3 Nh4 24.Qf2 Rg8 25.d6 c6 26.d7 Bxd7 27.Nd6 Be6 28.Nef5 Nxf5 29.exf5 Bd5
30.Rad1 Qh5 31.Rd2 Bf6 32.Bb2 b5 33.Rxe5 Nh3+ 34.Bxh3 Qxh3 35.Rexd5 cxd5
36.Nxf7+ Kg7 37.Ng5 Qh5 38.Qa7+ Kf8 39.Ba3+ Ke8 40.Qa8+ Bd8 41.Qxd5 Bb6+
42.Kh1  1-0

[Event "Anibal op 4th"]
[Site "Linares"]
[Date "1997.??.??"]
[Round "8"]
[White "Pogorelov, Ruslan"]
[Black "Avrukh, Boris"]
[Result "0-1"]
[WhiteElo "2465"]
[BlackElo "2520"]

1.c4 Nf6 2.Nc3 g6 3.e4 d6 4.d4 Bg7 5.Be2 O-O 6.Nf3 e5 7.O-O Nc6 8.d5 Ne7
9.b4 Nh5 10.Re1 f5 11.Ng5 Nf6 12.f3 c6 13.Be3 Bh6 14.Bd2 Kg7 15.Qb3 Nh5 16.Rad1 Nxd5
17.exd5 Bxg5 18.Bxg5 Qxg5 19.dxc6 Nf4 20.g3 bxc6 21.Rxd6 h5 22.Kh1 Ne6 23.Qb2 h4
24.Qd2 Qxd2 25.Rxd2 a5 26.b5 cxb5 27.cxb5 hxg3 28.hxg3 Nd4 29.Kg1 Bb7 30.Kf2 Rac8
31.Nd1 Rh8 32.Rg1 Rc1 33.a4 Rh2+ 34.Ke3 Ra1 35.Kd3 Ra3+ 36.Kc4 Rxa4+ 37.Kc5 Rxe2
38.Rxe2 Nxe2 39.Re1 Bxf3 40.Ne3 Nd4 41.Rb1 Rb4 42.Rxb4 axb4 43.b6 b3  0-1

[Event "Linares Mex"]
[Site "Linares"]
[Date "1997.??.??"]
[Round "9"]
[White "Blanco Sing, Israel"]
[Black "Ferrera, Benjamin"]
[Result "1-0"]
[WhiteElo "2365"]
[BlackElo "2225"]

1.Nf3 Nf6 2.c4 g6 3.Nc3 Bg7 4.d4 O-O 5.e4 d6 6.Be2 e5 7.O-O Nc6 8.d5 Ne7
9.Nd2 Nd7 10.b4 f5 11.f3 a5 12.bxa5 c5 13.Nb3 Nf6 14.Bd2 f4 15.Na4 Nd7 16.Rb1 g5
17.Nc1 h5 18.h3 Ng6 19.Nd3 Nh4 20.Rb3 Rf6 21.Nf2 Rg6 22.Qc2 Nf6 23.Nb6 Ra7
24.Nxc8 Qxc8 25.Rfb1 Bf8 26.a6 Rg7 27.Rxb7 Raxb7 28.Rxb7 Rxb7 29.axb7 Qxb7
30.Qb3 Qxb3 31.axb3 Ng6 32.b4 cxb4 33.Bxb4 Be7 34.Bd1 Nf8 35.Ba4 Kg7 36.Nd3 Ng6
37.Kf2 Nh4 38.Nxe5  1-0

[Event "SLO-chT"]
[Site "Ljubljana"]
[Date "1997.??.??"]
[Round "?"]
[White "Bukic, Enver"]
[Black "Osterman, Rudolf"]
[Result "0-1"]
[WhiteElo "2405"]
[BlackElo "2400"]

1.Nf3 Nf6 2.c4 g6 3.Nc3 Bg7 4.e4 d6 5.d4 O-O 6.Be2 e5 7.O-O Nc6 8.d5 Ne7
9.Bg5 Nh5 10.Ne1 Nf4 11.Nd3 Nxd3 12.Bxd3 h6 13.Be3 f5 14.f3 f4 15.Bf2 g5
16.c5 Ng6 17.cxd6 cxd6 18.Rc1 Rf7 19.Be2 Bf8 20.Qc2 Bd7 21.Qb3 h5 22.Nb5 g4
23.Nc7 g3 24.Nxa8 gxf2+ 25.Rxf2 Qxa8 26.Bb5 Qe8 27.Bxd7 Qxd7 28.Qc4 Qd8 29.Qc8 Qb6
30.Qc3 Be7 31.Qb3 Bd8 32.Kf1 Qa6+ 33.Qc4 Rc7 34.b3 Rxc4 35.Rxc4 Bb6 36.Rc2 Bc5  0-1